000 00602nam a2200205 i 4500
001 130181
003 ES-MaACL
005 20250808062535.0
007 t|
008 070723s1952 sp ||||1| spa d
100 1 _aZweig, Stefan,
_d1881-1942
_9118562
245 1 0 _aPersonas y destinos /
_cStefan Zweig ; traducción por Tristán La Rosa.
260 _aBarcelona :
_bApolo,
_c1952 (
_fMiguza)
300 _a212 p. ;
_c15 cm.
490 1 _aPrisma
700 1 _aLa Rosa, Tristán.
_969179
830 0 0 _aPrisma
_9180749
852 _aES-MaACL
_jD-8543
_bR.33296
999 _c130181
_d130181